| 000 | 01844nam0a2200373 i 4500 | ||
|---|---|---|---|
| 001 | RU\NLR\BIBL_A\010411452 | ||
| 005 | 20241103091503.0 | ||
| 010 |
_a9785473008951 _9100 |
||
| 021 |
_aRU _b2014-31599 _91937 |
||
| 035 | _a(NILC)RuMoRGB-007486499 | ||
| 035 | _a(NLR Aleph) 010411452 | ||
| 090 |
_a9760750 _c9760750 |
||
| 100 | _a20140702d2013 u y0rusy50 ca | ||
| 101 | 0 |
_arus _aeng |
|
| 102 | _aRU | ||
| 105 | _ay|||e|||001yy | ||
| 200 | 1 |
_aТолковый англо-русский и русско-английский словарь для студентов стоматологического факультета _fС. Г. Дудецкая _gГос. бюджет. образоват. учреждение высш. проф. образования "Самар. гос. мед. ун-т" М-ва здравоохранения Рос. Федерации |
|
| 210 |
_aСамара _cОфорт _d2013 |
||
| 215 |
_a97 с. _d20 |
||
| 320 | _aБиблиогр.: с. 96-97 (30 назв.) | ||
| 606 | 1 |
_aАнглийский язык _xТерминология медицинская _xСловари _xРусский язык _92074742 _3RU\NLR\AUTH\661249754 |
|
| 606 | 1 |
_aРусский язык _xТерминология медицинская _xСловари _xАнглийский язык _91360208 _3RU\NLR\AUTH\66254558 |
|
| 606 |
_aСтоматология _jТерминологические словари _9932187 _3RU\NLR\AUTH\6624880 |
||
| 686 | 1 | _aР66я212 | |
| 686 | 1 | _aШ143.21-491.1 | |
| 686 | 1 | _aШ141.12-491.2 | |
| 686 | 1 | _aШ143.21-93рус329.1сл. | |
| 700 | 1 |
_aДудецкая _bС. Г. _gСветлана Геннадьевна |
|
| 801 | 0 |
_aRU _bРГБ _c20140508 _gRCR |
|
| 942 | _cBOOK | ||
| 980 | _aNBR | ||